[Event "Kochan Memorial op 17th"]
[Site "Koszalin"]
[Date "2006.08.10"]
[Round "7"]
[White "Krysztofiak, Marcin"]
[Black "Kuziola, Mateusz"]
[Result "1-0"]
[WhiteElo "2388"]
[BlackElo "2269"]
[PlyCount "127"]
[EventDate "2006.08.04"]
[EventType "swiss"]
[EventRounds "10"]
[EventCountry "POL"]
[SourceTitle "CBM 113 Extra"]
[Source "ChessBase"]
[SourceDate "2006.09.14"]
[SourceVersion "1"]
[SourceVersionDate "2006.09.14"]
[SourceQuality "1"]

1. e4 c5 2. Nf3 Nc6 3. Bb5 g6 4. 0-0 Bg7 5. c3 Nf6 6. Qa4 0-0 7. d4 cxd4 8. cxd4 Ne8 9. d5 Ne5 10. Nxe5 Bxe5 11. Nc3 Nc7 12. Bd3 d6 13. Bh6 Re8 14. f4 Bd7 15. Qd1 Bh8 16. Qf3 Bg7 17. Bxg7 Kxg7 18. e5 Bb5 19. Nxb5 Nxb5 20. Bxb5 Qb6+ 21. Rf2 Qxb5 22. f5 dxe5 23. fxg6 fxg6 24. Qf7+ Kh8 25. Qe6 Qb6 26. Qxe5+ Kg8 27. Raf1 Rf8 28. Qe6+ Qxe6 29. dxe6 Rxf2 30. Rxf2 Rc8 31. Rf7 Rc2 32. Rxe7 Rxb2 33. Rc7 Re2 34. Rxb7 Rxe6 35. Rxa7 Re2 36. h4 Re4 37. g3 Re2 38. Kf1 Rb2 39. a4 Ra2 40. a5 Kh8 41. a6 Kg8 42. Ke1 Kh8 43. Kd1 Kg8 44. Kc1 Kh8 45. Kb1 Ra5 46. Kb2 Kg8 47. Kb3 Ra1 48. Kb4 Rb1+ 49. Kc5 Rc1+ 50. Kb6 Rb1+ 51. Kc6 Rc1+ 52. Kb7 Rb1+ 53. Kc8 Ra1 54. g4 Ra4 55. g5 Kh8 56. Kb8 Kg8 57. Kc8 Kh8 58. Ra8 Kg7 59. Kb7 Rb4+ 60. Ka7 Rxh4 61. Rb8 Kf7 62. Rb6 Rg4 63. Kb7 Rxg5 64. a7 1-0

[Event "Kochan Memorial op 17th"]
[Site "Koszalin"]
[Date "2006.08.09"]
[Round "6"]
[White "Kuziola, Mateusz"]
[Black "Paszkiewicz, Sebastian"]
[Result "1-0"]
[WhiteElo "2269"]
[BlackElo "2222"]
[PlyCount "61"]
[EventDate "2006.08.04"]
[EventType "swiss"]
[EventRounds "10"]
[EventCountry "POL"]
[SourceTitle "CBM 113 Extra"]
[Source "ChessBase"]
[SourceDate "2006.09.14"]
[SourceVersion "1"]
[SourceVersionDate "2006.09.14"]
[SourceQuality "1"]

1. e4 c6 2. Nc3 d5 3. Nf3 dxe4 4. Nxe4 Nf6 5. Nxf6+ gxf6 6. g3 Bg4 7. Bg2 Qc7 8. 0-0 Nd7 9. d4 0-0-0 10. c3 e6 11. a4 Bd6 12. a5 a6 13. Qb3 h5 14. Nh4 Rdg8 15. c4 c5 16. Be3 e5 17. dxc5 Bxc5 18. Bxc5 Nxc5 19. Qe3 Bd7 20. b4 Ne6 21. b5 Nd4 22. Rab1 axb5 23. cxb5 Kb8 24. Nf3 Rg4 25. Nxd4 Rxd4 26. a6 Bc8 27. Rfc1 Qd6 28. Qb3 Qe6 29. Qc3 Qb6 30. a7+ Qxa7 31. Qc7+ 1-0